00302pab a2200121 454500008004000000100002500040245003800065260000900103300001300112362001000125650001100135773003400146180718b2014 xxu||||| |||| 00| 0 eng d aSarkar, Swathasiddha aTribal detour in darjeeling hills c2014 ap.25-26. a9 Aug aTribes aEconomic and Political Weekly